[Event "Int SVK-ch Open 2020"]
[Site "Drienica"]
[Date "2020.08.15"]
[Round "7.13"]
[White "Panko, Radoslav"]
[Black "Bednar, Jan"]
[Result "1-0"]
[WhiteElo "2025"]
[BlackElo "2018"]
[Annotator "ChessBase"]
[PlyCount "71"]
[EventDate "2020.08.07"]
[EventType "swiss"]
[EventCountry "SVK"]
[TimeControl "40/5400+30:1800+30"]

1. e4 {[%emt 0:00:00]} c6 {[%emt 0:00:00]} 2. Nc3 {[%emt 0:00:00]} d5 {[%emt 0:00:06]} 3. Nf3 {[%emt 0:00:00]} Bg4 {[%emt 0:00:11]} 4. h3 {[%emt 0:00:04]} Bxf3 {[%emt 0:00:05]} 5. Qxf3 {[%emt 0:00:03]} e6 {[%emt 0:00:25]} 6. d4 {[%emt 0:00:10]} Nd7 {[%emt 0:01:12]} 7. Bf4 {[%emt 0:01:40]} dxe4 {[%emt 0:08:50]} 8. Nxe4 {[%emt 0:00:29]} Ndf6 {[%emt 0:00:27]} 9. O-O-O {[%emt 0:04:19]} Nxe4 {[%emt 0:00:20]} 10. Qxe4 {[%emt 0:00:02]} Qd5 {[%emt 0:01:30]} 11. Qxd5 {[%emt 0:00:44]} exd5 {[%emt 0:03:34]} 12. Bd3 {[%emt 0:00:48]} g6 {[%emt 0:05:40]} 13. g4 {[%emt 0:04:24]} Bh6 {[%emt 0:03:18]} 14. g5 {[%emt 0:01:16]} Bg7 {[%emt 0:00:06]} 15. c3 {[%emt 0:00:55]} Ne7 {[%emt 0:02:45]} 16. Rde1 {[%emt 0:01:33]} Kd7 {[%emt 0:01:27]} 17. h4 {[%emt 0:01:59]} h5 {[%emt 0:07:31]} 18. Re3 {[%emt 0:04:30]} Rae8 {[%emt 0:05:01]} 19. Rhe1 {[%emt 0:11:04]} Kd8 {[%emt 0:14:03]} 20. Bg3 {[%emt 0:14:59]} Nc8 {[%emt 0:17:15]} 21. Bf1 {[%emt 0:01:12]} Rxe3 {[%emt 0:00:31]} 22. Rxe3 {[%emt 0:00:32]} Rf8 {[%emt 0:10:28]} 23. Bh3 {[%emt 0:01:21]} f5 {[%emt 0:02:39]} 24. Re6 {[%emt 0:09:53]} f4 {[%emt 0:02:58]} 25. Bh2 {[%emt 0:00:17]} Ne7 {[%emt 0:00:24]} 26. Kd1 {[%emt 0:03:37]} b6 {[%emt 0:06:40]} 27. Rd6+ {[%emt 0:01:42]} Ke8 {[%emt 0:00:16]} 28. Bd7+ {[%emt 0:00:11]} Kf7 {[%emt 0:01:03]} 29. Bxc6 {[%emt 0:00:21]} Rc8 {[%emt 0:02:24]} 30. Bd7 {[%emt 0:00:42]} Rc4 {[%emt 0:00:41]} 31. Be6+ {[%emt 0:00:14]} Ke8 {[%emt 0:00:24]} 32. Bxd5 {[%emt 0:00:35]} Ra4 {[%emt 0:01:18]} 33. Bb3 {[%emt 0:00:28]} Ra5 {[%emt 0:00:12]} 34. Re6 {[%emt 0:00:25]} Kd7 {[%emt 0:00:29]} 35. Re4 {[%emt 0:00:09]} Nf5 {[%emt 0:01:01]} 36. Be6+ {[%emt 0:00:36]} 1-0

[Event "Int SVK-ch Open 2020"]
[Site "Drienica"]
[Date "2020.08.13"]
[Round "7.13"]
[White "Janik, Marek Tobias"]
[Black "Holicky, Miroslav"]
[Result "1-0"]
[WhiteElo "1549"]
[BlackElo "1805"]
[Annotator "NA RC"]
[PlyCount "101"]
[EventDate "2020.08.07"]
[EventType "swiss"]
[EventCountry "SVK"]
[SourceTitle "playchess.com"]
[Source "ChessBase"]
[SourceQuality "1"]
[TimeControl "40/5400+30:1800+30"]

{[%evp 16,99,-2,32767,32767,32767,32767,32767,32767,32767,32767,-30,0,32767,32767,32767,32767,32767,32767,32767,32767,32767,32767,9,41,0,45,9,32767,32767,32767,-42,53,32767,60,6,39,0,17,-36,-29,32767,32767,32767,-16,-111,32767,-46,32767,0,32767,0,72,-57,-45,-57,-45,-93,0,32767,32767,166,162,190,32767,195,185,216,32767,200,222,226,188,235,236,120,269,279,252,292,562,32767,585,620,652,769]} 1. c4 {[%emt 0:00:00]} e6 {[%emt 0:00:08]} 2. Nf3 {[%emt 0:00:24]} d5 {[%emt 0:00:33]} 3. cxd5 {[%emt 0:06:14]} exd5 {[%emt 0:00:13]} 4. g3 {[%emt 0:00:04]} Nf6 {[%emt 0:01:22]} 5. Bg2 {[%emt 0:00:07]} Be7 {[%emt 0:05:25]} 6. O-O {[%emt 0:03:18]} O-O {[%emt 0:00:16]} 7. d4 {[%emt 0:00:31] A14: English Opening: 1...e6 with b3 by White.} a5 {[%emt 0:06:41]} 8. Nc3 {[%emt 0:02:10]} c6 {[%emt 0:00:14]} 9. Qc2 {[%emt 0:05:23]} Nbd7 {[%emt 0:05:01] [#]} 10. Ne5 $146 {[%emt 0:03:27]} ({Predecessor:} 10. b3 Bd6 11. Bb2 Re8 12. Rad1 Nb6 13. Ne5 g6 14. f3 Qe7 {1-0 (39) Thybo,J (2466)-Haug,J (2379) Mamaia 2017}) 10... Re8 {[%emt 0:07:44]} 11. Bd2 {[%emt 0:06:19]} Bd6 {[%emt 0:04:16]} 12. f4 {[%emt 0:00:05]} Nf8 {[%emt 0:03:01]} 13. Rae1 {[%emt 0:07:45]} Bd7 {[%emt 0:03:36]} 14. e4 {[%emt 0:05:56]} dxe4 {[%emt 0:00:25]} 15. Nxe4 {[%emt 0:00:06]} Nxe4 {[%emt 0:01:03]} 16. Bxe4 {[%emt 0:00:07]} Bh3 {[%emt 0:01:20]} 17. Rf2 {[%emt 0:02:40]} Qb6 {[%emt 0:07:38]} 18. Be3 {[%emt 0:08:50]} Qc7 {[%emt 0:03:47]} 19. a3 {[%emt 0:03:04]} Rac8 {[%emt 0:01:42]} 20. Rc1 {[%emt 0:07:40]} Qb8 {[%emt 0:00:41]} 21. Qd3 {[%emt 0:02:06]} Re7 {[%emt 0:05:27]} 22. Nc4 {[%emt 0:09:30]} Rce8 {[%emt 0:01:41]} 23. Bf3 {[%emt 0:01:49]} f6 {[%emt 0:08:22]} (23... Bc7 $11) 24. Re2 {[%emt 0:04:32]} Bc7 $1 {[%emt 0:02:07]} 25. Rce1 {[%emt 0:11:48]} Qc8 {[%emt 0:05:28]} 26. Bh5 {[%emt 0:02:01]} g6 {[%emt 0:00:37]} 27. Bf3 {[%emt 0:00:05]} Bf5 {[%emt 0:00:54]} 28. Qb3 {[%emt 0:00:58]} Kg7 {[%emt 0:00:39]} 29. Qc3 {[%emt 0:00:36] [#]} Qd8 {[%emt 0:02:40]} (29... Bg4 $1 $17 {[%cal Rg4f3]} 30. f5 Qxf5 31. Bh6+ {[%mdl 64] Discovered Attack} Kf7) 30. g4 {[%emt 0:03:36]} (30. Bf2 $11 {keeps the balance.}) 30... Be6 {[%emt 0:04:04]} 31. g5 {[%emt 0:02:44]} Bd5 {[%emt 0:00:20]} 32. gxf6+ {[%emt 0:00:07]} Kxf6 {[%emt 0:00:38]} 33. Ne5 {[%emt 0:00:42]} Kg7 {[%emt 0:02:26] [#]} (33... Bxf3 $11 34. Nxf3 Qd5) 34. Bxd5 {[%emt 0:00:35]} ({Only move:} 34. f5 $1 $16 {[%cal Rf5f6]} gxf5 35. Rg2+ Ng6 36. Bg5) 34... Qxd5 {[%emt 0:00:11]} 35. Rg2 {[%emt 0:00:06]} Nd7 {[%emt 0:04:04]} 36. Bf2 {[%emt 0:01:15]} Bxe5 {[%emt 0:02:56]} (36... Nf6 $17) 37. dxe5 {[%emt 0:00:08]} Re6 {[%emt 0:02:27]} 38. f5 {[%emt 0:01:00]} Rxe5 {[%emt 0:01:03]} 39. Bd4 {[%emt 0:00:12] Pin} Kf7 {[%emt 0:02:12]} 40. fxg6+ {[%emt 0:00:07]} hxg6 {[%emt 0:00:12]} 41. Bxe5 {[%emt 0:31:51]} Rxe5 {[%emt 0:33:15]} 42. Rf1+ {[%emt 0:00:00]} Kg7 {[%emt 0:00:00]} 43. Rd2 {[%emt 0:00:00]} Qc5+ {[%emt 0:00:00]} 44. Kh1 {[%emt 0:00:00]} Nf6 {[%emt 0:00:00]} 45. Qg3 {[%emt 0:00:00]} ({Only move:} 45. Qxc5 $18 Rxc5 46. Rdf2) 45... Qc4 $2 {[%emt 0:00:00] [#]} (45... Rf5 $16 46. Rg1 g5) 46. Rg1 $1 {[%emt 0:00:00]} Qe4+ {[%emt 0:00:00] [#]} 47. Rdg2 $1 {[%emt 0:00:00]} g5 $2 {[%emt 0:00:00]} (47... b5 48. Qxg6+ Qxg6) 48. Qxe5 {[%emt 0:00:00]} Qxe5 {[%emt 0:00:00]} 49. Rxg5+ {[%emt 0:00:00]} Qxg5 {[%emt 0:00:00]} 50. Rxg5+ $18 {[%emt 0:00:00]} Kf7 {[%emt 0:00:00]} 51. Rxa5 {[%emt 0:00:00]} 1-0

[Event "Int SVK-ch Open 2020"]
[Site "Drienica"]
[Date "2020.08.13"]
[Round "7.14"]
[White "Varga, Lukas"]
[Black "Belis, Rudolf"]
[Result "1-0"]
[WhiteElo "2040"]
[BlackElo "1924"]
[Annotator "ChessBase"]
[PlyCount "73"]
[EventDate "2020.08.07"]
[EventType "swiss"]
[EventCountry "SVK"]
[SourceTitle "playchess.com"]
[Source "ChessBase"]
[SourceQuality "1"]
[TimeControl "40/5400+30:1800+30"]

1. e4 {[%emt 0:00:04]} e5 {[%emt 0:04:21]} 2. d4 {[%emt 0:02:05]} exd4 {[%emt 0:00:05]} 3. c3 {[%emt 0:00:07]} d5 {[%emt 0:00:57]} 4. exd5 {[%emt 0:00:29]} Nf6 {[%emt 0:00:33]} 5. Qxd4 {[%emt 0:00:56]} Qxd5 {[%emt 0:00:10]} 6. Nf3 {[%emt 0:00:26]} Nc6 {[%emt 0:01:14]} 7. Qe3+ {[%emt 0:03:53]} Be7 {[%emt 0:00:45]} 8. Na3 {[%emt 0:01:29]} O-O {[%emt 0:00:35]} 9. Bc4 {[%emt 0:01:32]} Qh5 {[%emt 0:00:38]} 10. Qg5 {[%emt 0:02:40]} Bg4 {[%emt 0:02:40]} 11. Qxh5 {[%emt 0:01:16]} Bxh5 {[%emt 0:01:37]} 12. Nb5 {[%emt 0:00:25]} Rac8 {[%emt 0:01:56]} 13. Bf4 {[%emt 0:04:27]} Ne8 {[%emt 0:15:35]} 14. Bd5 {[%emt 0:00:48]} a6 {[%emt 0:00:49]} 15. Bxc6 {[%emt 0:04:48]} bxc6 {[%emt 0:01:47]} 16. Na7 {[%emt 0:00:21]} Ra8 {[%emt 0:00:13]} 17. Nxc6 {[%emt 0:00:07]} Bd6 {[%emt 0:00:54]} 18. Bg3 {[%emt 0:03:20]} Bxf3 {[%emt 0:00:33]} 19. gxf3 {[%emt 0:00:11]} f5 {[%emt 0:01:39]} 20. Bxd6 {[%emt 0:08:16]} Nxd6 {[%emt 0:00:30]} 21. O-O-O {[%emt 0:00:34]} Rfe8 {[%emt 0:01:15]} 22. Rhe1 {[%emt 0:01:34]} Kf7 {[%emt 0:00:21]} 23. a4 {[%emt 0:02:27]} Kf6 {[%emt 0:01:01]} 24. Rxe8 {[%emt 0:01:09]} Rxe8 {[%emt 0:00:06]} 25. Nb4 {[%emt 0:00:27]} a5 {[%emt 0:01:53]} 26. Nd5+ {[%emt 0:00:45]} Kg5 {[%emt 0:00:12]} 27. Nxc7 {[%emt 0:00:08]} Re2 {[%emt 0:01:23]} 28. Rxd6 {[%emt 0:00:13]} Rxf2 {[%emt 0:00:01]} 29. Ne6+ {[%emt 0:00:18]} Kh4 {[%emt 0:00:07]} 30. Rd4+ {[%emt 0:02:56]} Kh3 {[%emt 0:00:15]} 31. Ng5+ {[%emt 0:00:16]} Kxh2 {[%emt 0:00:26]} 32. Rh4+ {[%emt 0:00:41]} Kg3 {[%emt 0:01:14]} 33. Rxh7 {[%emt 0:00:11]} g6 {[%emt 0:00:11]} 34. Rg7 {[%emt 0:00:41]} Rg2 {[%emt 0:00:18]} 35. Rxg6 {[%emt 0:00:10]} Kf4 {[%emt 0:00:09]} 36. Ne6+ {[%emt 0:00:16]} Kxf3 {[%emt 0:00:07]} 37. Nd4+ {[%emt 0:00:06]} 1-0

[Event "Int SVK-ch Open 2020"]
[Site "Drienica"]
[Date "2020.08.13"]
[Round "7.14"]
[White "Kulich, Filip"]
[Black "Walterova, Ema"]
[Result "1-0"]
[WhiteElo "1397"]
[BlackElo "1790"]
[Annotator "NA"]
[PlyCount "131"]
[EventDate "2020.08.07"]
[EventType "swiss"]
[EventCountry "SVK"]
[SourceTitle "playchess.com"]
[Source "ChessBase"]
[SourceQuality "1"]
[TimeControl "40/5400+30:1800+30"]

1. d4 {[%emt 0:00:00]} Nf6 {[%emt 0:00:00]} 2. Nf3 {[%emt 0:00:00]} e6 {[%emt 0:00:00]} 3. e3 {[%emt 0:00:01]} Be7 {[%emt 0:00:00]} 4. Bd3 {[%emt 0:00:19]} b6 {[%emt 0:00:14]} 5. b3 {[%emt 0:01:02]} Bb7 {[%emt 0:00:22]} 6. O-O {[%emt 0:00:24]} d5 {[%emt 0:00:20]} 7. Bb2 {[%emt 0:02:00]} Nbd7 {[%emt 0:01:38]} 8. Nbd2 {[%emt 0:03:23]} O-O {[%emt 0:01:41]} 9. Qe2 {[%emt 0:03:06]} a6 {[%emt 0:01:04]} 10. e4 {[%emt 0:02:16]} dxe4 {[%emt 0:07:52]} 11. Nxe4 {[%emt 0:03:09]} Nd5 {[%emt 0:00:25]} 12. Qd2 {[%emt 0:01:41]} c5 {[%emt 0:04:18]} 13. Rad1 {[%emt 0:04:09]} Qc7 {[%emt 0:07:52]} 14. dxc5 {[%emt 0:05:30]} bxc5 {[%emt 0:02:29]} 15. Rfe1 {[%emt 0:02:50]} N7f6 {[%emt 0:03:00]} 16. c4 {[%emt 0:04:34]} Nxe4 {[%emt 0:07:16]} 17. Bxe4 {[%emt 0:01:18]} Nf6 {[%emt 0:00:22]} 18. Be5 {[%emt 0:06:40]} Nxe4 {[%emt 0:09:38]} 19. Rxe4 {[%emt 0:01:42]} Qd8 {[%emt 0:13:32]} 20. Rg4 {[%emt 0:11:33]} f6 {[%emt 0:01:58]} 21. Qd7 {[%emt 0:01:17]} Qxd7 {[%emt 0:07:33]} 22. Rxd7 {[%emt 0:00:19]} Rad8 {[%emt 0:00:03]} 23. Rxd8 {[%emt 0:01:50]} Rxd8 {[%emt 0:00:29]} 24. Bc3 {[%emt 0:00:16]} Rd3 {[%emt 0:04:32]} 25. Ba5 {[%emt 0:02:06]} Bd8 {[%emt 0:06:03]} 26. Ne1 {[%emt 0:11:41]} Rd1 {[%emt 0:06:26]} 27. Bc3 {[%emt 0:00:55]} Bc7 {[%emt 0:04:54]} 28. Kf1 {[%emt 0:03:28]} Rc1 {[%emt 0:04:15]} 29. Bb2 {[%emt 0:02:43]} Rb1 {[%emt 0:00:14]} 30. Bc3 {[%emt 0:00:12]} Kf7 {[%emt 0:00:14]} 31. Ke2 {[%emt 0:00:56]} Rc1 {[%emt 0:02:49]} 32. Bb2 {[%emt 0:03:22]} Rb1 {[%emt 0:00:16]} 33. Bc3 {[%emt 0:00:05]} Be5 {[%emt 0:00:38]} 34. Bxe5 {[%emt 0:01:02]} fxe5 {[%emt 0:00:01]} 35. Nd3 {[%emt 0:00:37]} h5 {[%emt 0:03:15]} 36. Rg3 {[%emt 0:02:52]} e4 {[%emt 0:01:36]} 37. Nxc5 {[%emt 0:00:25]} Rb2+ {[%emt 0:00:36]} 38. Ke3 {[%emt 0:00:01]} Bc6 {[%emt 0:00:26]} 39. a4 {[%emt 0:00:08]} e5 {[%emt 0:00:32]} 40. Nxe4 {[%emt 0:00:39]} Rxb3+ {[%emt 0:00:20]} 41. Kd2 {[%emt 0:31:29]} Bxa4 {[%emt 0:08:13]} 42. Rxb3 {[%emt 0:00:00]} Bxb3 {[%emt 0:00:03]} 43. Kc3 {[%emt 0:00:00]} Ba4 {[%emt 0:00:11]} 44. f3 {[%emt 0:00:00]} a5 {[%emt 0:03:18]} 45. Nd6+ {[%emt 0:00:00]} Ke7 {[%emt 0:00:48]} 46. Nb7 {[%emt 0:00:00]} e4 {[%emt 0:04:20]} 47. fxe4 {[%emt 0:00:00]} Bc6 {[%emt 0:00:43]} 48. Nxa5 {[%emt 0:00:00]} Bxe4 {[%emt 0:00:20]} 49. g3 {[%emt 0:00:00]} Kf6 {[%emt 0:01:57]} 50. Kd4 {[%emt 0:00:00]} Bg2 {[%emt 0:05:03]} 51. c5 {[%emt 0:00:00]} Kg5 {[%emt 0:06:03]} 52. c6 {[%emt 0:00:44]} Bxc6 {[%emt 0:01:08]} 53. Nxc6 {[%emt 0:00:15]} Kg4 {[%emt 0:01:05]} 54. Ne5+ {[%emt 0:02:30]} Kh3 {[%emt 0:00:59]} 55. Nf3 {[%emt 0:00:59]} g5 {[%emt 0:03:22]} 56. Ke3 {[%emt 0:02:02]} g4 {[%emt 0:00:38]} 57. Nh4 {[%emt 0:01:57]} Kxh2 {[%emt 0:00:23]} 58. Kf2 {[%emt 0:00:20]} Kh3 {[%emt 0:00:35]} 59. Nf5 {[%emt 0:00:34]} Kh2 {[%emt 0:00:29]} 60. Ne3 {[%emt 0:01:05]} Kh3 {[%emt 0:00:29]} 61. Ng2 {[%emt 0:01:34]} Kh2 {[%emt 0:00:35]} 62. Nf4 {[%emt 0:01:35]} Kh1 {[%emt 0:00:34]} 63. Nxh5 {[%emt 0:01:32]} Kh2 {[%emt 0:00:08]} 64. Ke3 {[%emt 0:01:41]} Kg2 {[%emt 0:00:22]} 65. Kf4 {[%emt 0:00:06]} Kh3 {[%emt 0:00:09]} 66. Nf6 {[%emt 0:00:08]} 1-0

[Event "Int SVK-ch Open 2020"]
[Site "Drienica"]
[Date "2020.08.15"]
[Round "7.15"]
[White "Brnusak, Tomas"]
[Black "Priechodsky, Radovan"]
[Result "0-1"]
[WhiteElo "2044"]
[BlackElo "1975"]
[Annotator "ChessBase"]
[PlyCount "62"]
[EventDate "2020.08.07"]
[EventType "swiss"]
[EventCountry "SVK"]
[TimeControl "40/5400+30:1800+30"]

1. c4 {[%emt 0:00:00]} e5 {[%emt 0:00:00]} 2. Nc3 {[%emt 0:00:17]} Nf6 {[%emt 0:00:00]} 3. g3 {[%emt 0:00:41]} Bb4 {[%emt 0:00:00]} 4. Bg2 {[%emt 0:00:43]} Bxc3 {[%emt 0:00:02]} 5. bxc3 {[%emt 0:00:24]} O-O {[%emt 0:00:46]} 6. e4 {[%emt 0:00:54]} d6 {[%emt 0:08:40]} 7. d3 {[%emt 0:02:46]} Na6 {[%emt 0:01:53]} 8. Ne2 {[%emt 0:00:59]} Nc5 {[%emt 0:00:18]} 9. O-O {[%emt 0:00:16]} c6 {[%emt 0:01:24]} 10. Qc2 {[%emt 0:02:15]} Re8 {[%emt 0:01:26]} 11. h3 {[%emt 0:08:03]} d5 {[%emt 0:04:43]} 12. cxd5 {[%emt 0:02:04]} cxd5 {[%emt 0:00:28]} 13. Be3 {[%emt 0:02:25]} dxe4 {[%emt 0:08:52]} 14. dxe4 {[%emt 0:00:18]} Qc7 {[%emt 0:01:40]} 15. Rfd1 {[%emt 0:06:59]} Bd7 {[%emt 0:04:11]} 16. Rd2 {[%emt 0:06:47]} Rad8 {[%emt 0:01:21]} 17. Bxc5 {[%emt 0:04:04]} Qxc5 {[%emt 0:00:22]} 18. Rad1 {[%emt 0:00:36]} Qa5 {[%emt 0:27:23]} 19. Nc1 {[%emt 0:11:29]} h6 {[%emt 0:06:18]} 20. Nb3 {[%emt 0:00:47]} Qc7 {[%emt 0:01:02]} 21. Bf1 {[%emt 0:14:29]} b6 {[%emt 0:09:43]} 22. f3 {[%emt 0:05:49]} Rc8 {[%emt 0:08:19]} 23. Ba6 {[%emt 0:04:50]} Rcd8 {[%emt 0:01:06]} 24. g4 {[%emt 0:00:59]} Ba4 {[%emt 0:03:28]} 25. c4 {[%emt 0:05:21]} Nh7 {[%emt 0:02:13]} 26. Qc3 {[%emt 0:01:27]} Rxd2 {[%emt 0:02:38]} 27. Rxd2 {[%emt 0:00:40]} Qe7 {[%emt 0:00:45]} 28. Rh2 {[%emt 0:03:52]} Qh4 {[%emt 0:00:05]} 29. Kg2 {[%emt 0:00:29]} Rd8 {[%emt 0:00:54]} 30. Nd2 {[%emt 0:01:07]} Qe1 {[%emt 0:00:42]} 31. Nf1 {[%emt 0:00:57]} Qxc3 {[%emt 0:00:22]} 0-1

[Event "Int SVK-ch Open 2020"]
[Site "Drienica"]
[Date "2020.08.13"]
[Round "7.15"]
[White "Recky, Norbert"]
[Black "Budjac, Martin"]
[Result "1-0"]
[WhiteElo "1811"]
[BlackElo "1511"]
[Annotator "NA"]
[PlyCount "47"]
[EventDate "2020.08.07"]
[EventType "swiss"]
[EventCountry "SVK"]
[SourceTitle "playchess.com"]
[Source "ChessBase"]
[SourceQuality "1"]
[TimeControl "40/5400+30:1800+30"]

1. e4 {[%emt 0:00:00]} e5 {[%emt 0:00:00]} 2. Nf3 {[%emt 0:00:00]} Nc6 {[%emt 0:00:00]} 3. Bb5 {[%emt 0:00:00]} a6 {[%emt 0:00:00]} 4. Ba4 {[%emt 0:00:00]} Nf6 {[%emt 0:00:06]} 5. d3 {[%emt 0:00:04]} b5 {[%emt 0:00:29]} 6. Bb3 {[%emt 0:00:09]} Be7 {[%emt 0:00:22]} 7. O-O {[%emt 0:01:19]} O-O {[%emt 0:00:14]} 8. Re1 {[%emt 0:01:28]} d6 {[%emt 0:00:36]} 9. Nbd2 {[%emt 0:00:42]} Na5 {[%emt 0:00:16]} 10. Nf1 {[%emt 0:00:44]} Nxb3 {[%emt 0:00:12]} 11. axb3 {[%emt 0:00:43]} c5 {[%emt 0:03:15]} 12. c3 {[%emt 0:01:07]} Bb7 {[%emt 0:02:36]} 13. Ng3 {[%emt 0:02:43]} Re8 {[%emt 0:02:23]} 14. Nf5 {[%emt 0:01:25]} Bf8 {[%emt 0:01:55]} 15. Bg5 {[%emt 0:03:27]} h6 {[%emt 0:01:32]} 16. Bh4 {[%emt 0:01:19]} g6 {[%emt 0:01:44]} 17. Ne3 {[%emt 0:01:04]} Bg7 {[%emt 0:00:09]} 18. g4 {[%emt 0:01:51]} Qd7 {[%emt 0:02:28]} 19. Nd2 {[%emt 0:05:04]} d5 {[%emt 0:02:45]} 20. Bxf6 {[%emt 0:18:24]} Bxf6 {[%emt 0:00:09]} 21. exd5 {[%emt 0:00:18]} Bxd5 {[%emt 0:00:09]} 22. Nxd5 {[%emt 0:00:10]} Qxd5 {[%emt 0:00:09]} 23. Qf3 {[%emt 0:00:07]} Qd6 {[%emt 0:04:23]} 24. Ne4 {[%emt 0:00:39]} 1-0

[Event "Int SVK-ch Open 2020"]
[Site "Drienica"]
[Date "2020.08.15"]
[Round "7.16"]
[White "Verbovsky, Michal"]
[Black "Durica, Daniel"]
[Result "1-0"]
[WhiteElo "2113"]
[BlackElo "1937"]
[Annotator "TA"]
[PlyCount "59"]
[EventDate "2020.08.07"]
[EventType "swiss"]
[EventCountry "SVK"]

{[%evp 9,59,104,102,93,116,102,102,94,99,89,99,85,98,70,110,89,110,92,95,86,83,52,178,175,202,221,263,257,263,264,265,263,470,473,675,679,664,647,610,554,571,577,1095,653,754,729,29983,29984,29988,29989,29989,29990]} 1. d4 e5 2. dxe5 d6 3. Nf3 Nc6 4. Bg5 f6 5. exf6 Nxf6 6. Nc3 {A40: Unusual replies to 1 d4.} Be6 7. e3 Be7 {[#]} 8. Be2 $146 {White is better.} ({Predecessor:} 8. Bb5 O-O 9. O-O Nd5 10. Nxd5 Bxg5 11. Nxc7 Qxc7 12. Nxg5 Bd7 13. Bc4+ Kh8 14. Nf7+ Rxf7 15. Bxf7 {1-0 (21) Marrero Cardenes,A (1959)-Monteiro Rodrigues,C (1570) Las Palmas 2013}) 8... Qd7 9. Nd4 Nxd4 10. Qxd4 O-O 11. O-O a6 12. Rad1 d5 13. Bf3 {[%cal Rf3d5]} Rad8 14. e4 c5 15. Qa4 {Hoping for e5.} b5 {This move loses the game for Black.} (15... d4 $14) 16. Qxa6 $18 {[#] Threatens to win with e5.} d4 17. Qxb5 Qd6 18. Nd5 Nxd5 19. exd5 {Strongly threatening Bxe7.} Bxg5 20. dxe6 Rxf3 $2 (20... Qxe6 {was called for.} 21. Qxc5 Be7) 21. gxf3 Bf4 (21... Qxe6 $142 22. Qxc5 Be7) 22. Rfe1 Qe7 23. Re4 Bd6 24. b3 Qf6 25. Qd3 Bf4 26. a4 Qg5+ 27. Kf1 {[#] Black must now prevent e7.} Bxh2 28. e7 {White mates.} Re8 29. Qc4+ Kh8 30. Qf7 {Accuracy: White = 100%, Black = 60%.} 1-0

[Event "Int SVK-ch Open 2020"]
[Site "Drienica"]
[Date "2020.08.13"]
[Round "7.16"]
[White "Harvan, Tomas"]
[Black "Kulich, Daniel"]
[Result "1-0"]
[WhiteElo "1794"]
[BlackElo "1492"]
[Annotator "NA"]
[PlyCount "88"]
[EventDate "2020.08.07"]
[EventType "swiss"]
[EventCountry "SVK"]
[SourceTitle "playchess.com"]
[Source "ChessBase"]
[SourceQuality "1"]
[TimeControl "40/5400+30:1800+30"]

1. e4 {[%emt 0:00:00]} c6 {[%emt 0:00:00]} 2. d4 {[%emt 0:00:00]} d5 {[%emt 0:00:03]} 3. Nc3 {[%emt 0:00:05]} dxe4 {[%emt 0:00:38]} 4. Nxe4 {[%emt 0:00:08]} Nf6 {[%emt 0:00:10]} 5. Qe2 {[%emt 0:01:08]} Nxe4 {[%emt 0:00:09]} 6. Qxe4 {[%emt 0:00:05]} Qd5 {[%emt 0:00:06]} 7. Bd3 {[%emt 0:03:56]} Qxe4+ {[%emt 0:00:45]} 8. Bxe4 {[%emt 0:00:11]} Be6 {[%emt 0:00:14]} 9. Bf4 {[%emt 0:01:14]} Bd5 {[%emt 0:00:57]} 10. f3 {[%emt 0:03:46]} Nd7 {[%emt 0:00:41]} 11. Bd3 {[%emt 0:02:32]} O-O-O {[%emt 0:03:32]} 12. c4 {[%emt 0:01:15]} Be6 {[%emt 0:01:08]} 13. Rc1 {[%emt 0:08:08]} Nb6 {[%emt 0:00:29]} 14. d5 {[%emt 0:00:22]} Bd7 {[%emt 0:00:46]} 15. Ne2 {[%emt 0:03:15]} e6 {[%emt 0:02:19]} 16. Be4 {[%emt 0:11:18]} exd5 {[%emt 0:03:23]} 17. cxd5 {[%emt 0:00:09]} Bb4+ {[%emt 0:01:09]} 18. Kf2 {[%emt 0:01:10]} Na4 {[%emt 0:04:16]} 19. dxc6 {[%emt 0:04:51]} bxc6 {[%emt 0:11:54]} 20. Rc4 {[%emt 0:03:12]} c5 {[%emt 0:02:05]} 21. a3 {[%emt 0:01:07]} Be6 {[%emt 0:11:34]} 22. Rxb4 {[%emt 0:03:19]} cxb4 {[%emt 0:00:49]} 23. Rc1+ {[%emt 0:00:04]} Kd7 {[%emt 0:02:40]} 24. Bc6+ {[%emt 0:01:15]} Ke7 {[%emt 0:13:37]} 25. Bxa4 {[%emt 0:00:15]} bxa3 {[%emt 0:00:43]} 26. Rc7+ {[%emt 0:02:39]} Bd7 {[%emt 0:02:11]} 27. bxa3 {[%emt 0:00:57]} a6 {[%emt 0:02:25]} 28. Nd4 {[%emt 0:03:04]} Ke8 {[%emt 0:02:39]} 29. Bb3 {[%emt 0:12:53]} Rc8 {[%emt 0:04:14]} 30. Bxf7+ {[%emt 0:00:48]} Kxf7 {[%emt 0:02:59]} 31. Rxd7+ {[%emt 0:00:08]} Kf6 {[%emt 0:14:23]} 32. Rd6+ {[%emt 0:01:28]} Kf7 {[%emt 0:01:25]} 33. Rxa6 {[%emt 0:00:59]} Ra8 {[%emt 0:00:28]} 34. Rxa8 {[%emt 0:00:50]} Rxa8 {[%emt 0:00:15]} 35. Bd6 {[%emt 0:06:54]} Ra4 {[%emt 0:04:46]} 36. Bb4 {[%emt 0:00:19]} g6 {[%emt 0:02:32]} 37. Ke3 {[%emt 0:00:21]} Kf6 {[%emt 0:05:14]} 38. Ke4 {[%emt 0:03:06]} Ra8 {[%emt 0:00:50]} 39. h4 {[%emt 0:02:28]} Re8+ {[%emt 0:00:29]} 40. Kf4 {[%emt 0:00:30]} Rd8 {[%emt 0:00:31]} 41. Be7+ {[%emt 0:30:47]} Kxe7 {[%emt 0:00:40]} 42. Nc6+ {[%emt 0:00:00]} Ke8 {[%emt 0:01:02]} 43. Nxd8 {[%emt 0:00:00]} Kxd8 {[%emt 0:00:12]} 44. Kg5 {[%emt 0:00:00]} h6+ {[%emt 0:00:16]} 1-0